000 00770nam a22002417a 4500
005 20170124105940.0
010 _aB-031587
020 _c00.00
_a8175410795
035 _aB-031587
037 _bCen Lib/Ret
040 _aDPL
_bEN
082 _a304.6
_bDYN
245 _aDynamics of population change :
_cedited by R.G.Vadava;K.N.S.Yadava [and] K.K.Singh
_bemerging issues of 21st century /
260 _aDelhi
_bShipra publications
_c2001
270 _a115A,Vikas Marg Shakarpur
_b Delhi
_e110092
300 _axvi,304p.
_c21cm(Hb)
650 _aPopulation policy
_910921
650 _aFertility, Human
_910922
700 _aYadava,R.G.
_973087
700 _aYadava,K.N.S.
_98779
700 _aSingh,K.K.
_910923
942 _2ddc
_cEN
_h304.6
_mDYN
999 _c124486
_d124486